| 000 | 00490nam a2200157Ia 4500 | ||
|---|---|---|---|
| 999 |
_c40442 _d40442 |
||
| 003 | OSt | ||
| 005 | 20200702120746.0 | ||
| 008 | 190216s9999||||xx |||||||||||||| ||und|| | ||
| 040 | _coclc | ||
| 082 |
_a915.40421 _bRAG/I |
||
| 100 |
_aRaghavan, Puthupally _93455 |
||
| 245 | 0 |
_aIndiayeppatti Chinese Rekhakal / _cPuthupally Raghavan |
|
| 260 |
_bKerala Bhasha Institute, _c1977. _aTrivandrum: |
||
| 300 | _a195p | ||
| 942 |
_cBK _2ddc _h915.40421 _iRAG/I _k915.40421 _mRAG/I |
||